Wards of Hammersmith and Fulham, London - Statistics

General Stats
  • This quiz has been taken 12 times
  • The average score is 4 of 16
Answer Stats
Answer % Correct
Fulham Broadway
83%
Ravenscourt Park
83%
Hammersmith Broadway
50%
Fulham Reach
33%
Sands End
33%
Shepherd's Bush Green
33%
Addison
17%
Askew
17%
College Park and Old Oak
17%
North End
17%
Parsons Green and Walham
17%
Town
17%
Wormholt and White City
17%
Avonmore and Brook Green
0%
Munster
0%
Palace Riverside
0%
No matching quizzes found
Score Distribution
Percent of People with Each Score
Percentile by Number Answered
Your Score History
You have not taken this quiz